Diseño del sistema de control de calidad en una empresa reencauchadora de rodillos con hule

Kaydedildi:
Detaylı Bibliyografya
Yazar: Salazar Cantillano, Erick
Materyal Türü: Kitap
Baskı/Yayın Bilgisi: San José, C.R. 2004
Konular:
Etiketler: Etiketle
Etiket eklenmemiş, İlk siz ekleyin!

MARC

LEADER 00000nam a2200000Ia 4500
003 009536
005 20221231144130.0
008 140114s2004 cr a m 000 ||s d
040 |c cru CEDI  
090 |a TFG 5076 
100 |a Salazar Cantillano, Erick  |9 5995 
245 |a Diseño del sistema de control de calidad en una empresa reencauchadora de rodillos con hule  
260 |c 2004  |a San José, C.R. 
300 |a vii, 133, [9] hojas : ilustraciones (algunas a color)  
500 |a  Tesis (licenciatura en ingeniería química)--Universidad de Costa Rica. Facultad de Ingeniería. Escuela de Ingeniería Química 
650 |x INDUSTRIA   |x  CONTROL DE CALIDAD   |x CONTROL DE PROCESOS  |9 5996 
942 |c TFG 
999 |c 17347  |d 17347